Pokemon Dark Type Moves in Alphabetical Order - Statistics

General Stats
  • This quiz has been taken 3 times
  • The average score is 9 of 49
Answer Stats
Answer % Correct
Bite
100%
Crunch
100%
Dark Pulse
100%
Assurance
50%
Baddy Bad
50%
Beat Up
50%
Black Hole Eclipse
50%
Darkest Lariat
50%
Dark Void
50%
Embargo
50%
Feint Attack
50%
Jaw Lock
50%
Malicious Moonsault
50%
Max Darkness
50%
Night Slash
50%
Brutal Swing
0%
Ceaseless Edge
0%
Fake Tears
0%
False Surrender
0%
Fiery Wrath
0%
Flatter
0%
Fling
0%
Foul Play
0%
G-Max One Blow
0%
G-Max Snooze
0%
Hone Claws
0%
Hyperspace Fury
0%
Knock Off
0%
Lash Out
0%
Memento
0%
Nasty Plot
0%
Night Daze
0%
Obstruct
0%
Parting Shot
0%
Payback
0%
Power Trip
0%
Punishment
0%
Pursuit
0%
Quash
0%
Snarl
0%
Snatch
0%
Sucker Punch
0%
Switcheroo
0%
Taunt
0%
Thief
0%
Throat Chop
0%
Topsy-Turvy
0%
Torment
0%
Wicked Blow
0%
No matching quizzes found
Score Distribution
Percent of People with Each Score
Percentile by Number Answered
Your Score History
You have not taken this quiz